| 000 | 01149nam a2200301 i 4500 | ||
|---|---|---|---|
| 001 | |||
| 003 | DO-SdBNP | ||
| 005 | 20230512101810.0 | ||
| 007 | ta | ||
| 008 | 091124t1897 dr ac 000 0 spa d | ||
| 040 |
_aDO-SdBNP _bspa _cBNPHU _erda |
||
| 049 | _a | ||
| 082 | 4 |
_aRD865.44 _bU39m 1897 _222 |
|
| 245 | 1 | 0 |
_aMensaje del General Ulises Heureaux presidente de la república presentado al Congreso Nacional el 27 de febrero de 1897 y constatación del presidente de este alto cuerpo _c |
| 264 |
_aSanto Domingo : _bCuna de América J. R. Roques _c1897. |
||
| 300 |
_a40 páginas ; _b _c22 cm. |
||
| 336 |
_2rdacontent _atexto _btxt |
||
| 337 |
_2rdamedia _asin mediación _bn |
||
| 338 |
_2rdacarrier _avolumen _bnc |
||
| 590 | _aInventariado, 2020/VM | ||
| 600 | 1 | 4 |
_aHeureaux , Ulises _d1845-1899 _vDiscursos _977221 |
| 650 | 4 |
_aDiscursos presidenciales _910061 |
|
| 651 | 4 |
_aRepública Dominicana _xHistoria _y _xEnsayos, conferencias, etc. _930520 |
|
| 651 | 4 |
_aRepública Dominicana _xPolítica y gobierno _y _x Historia _930546 _vEnsayos, conferencias, etc. |
|
| 910 | _a VMateo | ||
| 942 |
_2ddc _cLF2 |
||
| 956 | _aInventariado, 2021/BT | ||
| 999 |
_c49121 _d49121 |
||